| 000 | 01041am a2200349a 44500 | ||
|---|---|---|---|
| 003 | AR-BaBNM | ||
| 005 | 20251128210104.0 | ||
| 008 | 199019s1998 #AR|||||||||||000 | esp|| | ||
| 020 | _a950-550-234-6 | ||
| 040 | _cAR-BaBNM | ||
| 100 | 1 | _aSantos Guerra, Miguel Angel | |
| 245 | 1 | 0 | _aEvaluar es comprender |
| 260 |
_aBuenos Aires _bMagisterio del Río de la Plata _c1998 |
||
| 300 | _a285 p. | ||
| 490 | 0 | _aRespuestas educativas | |
| 500 | _aContiene glosario de términos p. 261-265 | ||
| 504 | _aContiene referencias bibliográficas p. 267-285 | ||
| 650 | 4 | _aEVALUACION DEL ALUMNO | |
| 650 | 4 | _aEVALUACION DEL DOCENTE | |
| 650 | 4 | _aEVALUACION INTERNA | |
| 650 | 4 | _aEVALUACION FORMATIVA | |
| 650 | 4 | _aCRITERIOS DE EVALUACION | |
| 650 | 4 | _aMETODOS DE EVALUACION | |
| 650 | 4 | _aTECNICAS DE EVALUACION | |
| 650 | 4 | _aAUTOEVALUACION | |
| 650 | 4 | _aMEJORA DE LA EDUCACION | |
| 653 | _aEVALUACION EDUCATIVA | ||
| 653 | _aEVALUACION INSTITUCIONAL | ||
| 653 | _aESTRATEGIAS EDUCATIVAS | ||
| 942 | _cBK | ||
| 998 | _cRaquel | ||
| 999 |
_c13996 _d13996 |
||